LEADER 01202nam a2200265 i 4500 001 000000059923 003 CaOOAMICUS 005 20051102000000.0 008 051102s1997 it u000 u ita u 013 $a31095 020 $a88-7610-636-7 040 $aSeMil$bita 100 1 $aPoli, Gian Franco,$d<1948- >.$0(OLS)http://semarc/name/10856 245 13$aLa figura di Gesù nel giovane Hegel :$bdal "Cristo ideale" di Kant al "Gesù in ricerca" /$cGian Franco Poli. 260 $aMilano :$bÀncora,$c1997. 300 $a175 p. ;$c24 cm. 490 0 $aStudi e ricerche 650 4$aCristologia filosofica - Saggi.$0(OLS)http://semarc/subject/11993 650 4$aHegel, Georg Wilhelm Friedrich <1770-1831> - Teologia.$0(OLS)http://semarc/subject/2323 830 0$aStudi e ricerche.$0(OLS)http://semarc/title/6597 850 $aSeMil 852 $aSeMil$W1$xVenegono$y1$m2R IV 318$j26076$B26076$CSeMilBibl$Z2$F26079 $81 996 $6020$a88-7610-636-7$9(OLS)http://semarc/number/35900 996 $6245$aLa figura di Gesù nel giovane Hegel :$bdal "Cristo ideale" di Kant al "Gesù in ricerca"$9(OLS)http://semarc/title/93752 996 $6260$aMilano :$bÀncora$9(OLS)http://semarc/publisher/29763 LEADER 01502nam a2200325 i 4500 001 000000114460 003 CaOOAMICUS 005 20030416000000.0 008 030416s2000 sp u000 u spa u 013 $a87146 020 $a85-7200-776-1 040 $aSeMil$bita 100 1 $aTerra, Joao Evangelista Martins.$0(OLS)http://semarc/name/47852 245 10$aCatequese de índios e negros no Brasil colonial /$cJoao Evangelista Martins Terra. 260 $aAparecida (SP) :$bEditora Santuário,$c2000. 300 $a239 p. ;$c21 cm. 500 $aFondo Card. C.M. Martini. 650 4$aCatechesi.$0(OLS)http://semarc/subject/3693 650 4$aBrasile - Storia - Periodo coloniale.$0(OLS)http://semarc/subject/20838 650 4$aBrasile - Evangelizzazione.$0(OLS)http://semarc/subject/20839 650 4$aChiesa cattolica - Brasile - Storia.$0(OLS)http://semarc/subject/20840 650 4$aIndios dell'America del Sud - Brasile - Religione.$0(OLS)http://semarc/subject/20841 650 4$aAfroamericani - Brasile - Religione.$0(OLS)http://semarc/subject/20842 850 $aSeMil 852 $aSeMil$W1$xVenegono$y1$m2C I 95$j70028$B70028$CSeMilBibl$Z2$F84728 $81 941 1 $a4 961 $aOmaggio: Martini Card. Carlo Maria 996 $6020$a85-7200-776-1$9(OLS)http://semarc/number/97791 996 $6245$aCatequese de índios e negros no Brasil colonial$9(OLS)http://semarc/title/167312 996 $6260$aAparecida (SP) :$bEditora Santuário$9(OLS)http://semarc/publisher/45188